| 000 | 00923nam a2200229 a 4500 | ||
|---|---|---|---|
| 005 | 20250617063828.0 | ||
| 008 | 030922s1980 mx r 000 0 spa d | ||
| 035 | _aUPN01000129079 | ||
| 049 | _aSEP | ||
| 050 | 4 |
_aLC5309 U58 _bC5101-5 1980 |
|
| 245 | 0 | 0 |
_aCiencias naturales : _bciencia de la salud : primer curso : [unidades 1-5] / _cMa. Victoria Arroyo Márquez ... [et al.]. |
| 260 |
_aMéxico : _bSEP, Dirección General de Capacitación y Mejoramiento Profesional del Magisterio, _c[1980?]. |
||
| 300 |
_a14 p. : _bil. |
||
| 500 | _a"Area de ciencias naturales 1er. curso" | ||
| 500 | _a"Programa Nacional de Capacitación del Magisterio, 1978-1982" | ||
| 500 | _aDatos tomados de la cubierta | ||
| 650 | 4 |
_aCiencias naturales _xEstudio y enseñanza _9256 |
|
| 650 | 4 |
_aHigiene escolar _915543 |
|
| 650 | 4 |
_aEducación a distancia _97924 |
|
| 700 | 1 |
_aArroyo Márquez, María Victoria, _ecoaut. |
|
| 905 | _aLibro | ||
| 999 |
_c101252 _d101252 |
||